Iphone Quiz - Statistics

General Stats
  • This quiz has been taken 18 times
  • The average score is 16 of 21
Answer Stats
Hint Answer % Correct
1st iphone
100%
18th iphone X
100%
19th iphone XR
100%
9th iphone 6
85%
14th Iphone 7
85%
15th iphone 7plus
85%
4th iphone 4
77%
6th iphone 5
77%
10th iphone 6plus
77%
11th Iphone 6S
77%
16th iphone 8
77%
17th iphone 8plus
77%
20th iphone XS
77%
2nd iphone 3G
69%
3rd iphone 3GS
69%
5th iphone 4S
69%
8th iphone 5S
69%
7th iphone 5C
62%
13th Iphone SE
62%
21st iphone XS MAX
62%
12th Iphone 6S plus
46%
No matching quizzes found
Score Distribution
Percent of People with Each Score
Percentile by Number Answered
Your Score History
You have not taken this quiz